| 000 | 00677nam a22001577a 4500 | ||
|---|---|---|---|
| 003 | OSt | ||
| 005 | 20151103143539.0 | ||
| 008 | 151103b xxu||||| |||| 00| 0 eng d | ||
| 040 | _cRUA | ||
| 082 | _aFOR ម៉ូយ 1995 B120 Or.1 | ||
| 100 |
_93266 _aម៉ូយ រដ្ឋា |
||
| 245 | _aប្រៀបធៀបការលូតលាស់រវាងប្រភេទឈ់អាកាស្យា និង ប្រេងខ្យល់ នៅលើដីរិចរិល ក្នុងស្ថានីយ៍រមាសហែក ខេត្តស្វាយវៀង | ||
| 260 |
_aPhnom Penh _bRUA _c1995 |
||
| 300 |
_a76p. _bill. _c29cm. |
||
| 942 |
_2ddc _cFOR |
||
| 999 |
_c3048 _d3048 |
||